000 00617nam a2200253 a 4500
001 nice12345678
003 IN_TiNIC
005 20260116011702.0
008 050524s1904 oxfa grd 000 0 eng
020 _a
_c100
082 0 0 _a473.21
_bLEW
100 _aLewis, Charlton T
245 _aElementary Latin Dictionary
260 _aOxford
_bClarendon Press
_c1904
300 _a952p
500 _aincludes index and biblioraphy
505 2 _aindex
650 _aDictionary-Latin-English
650 _aLatin-Dictionary
700 1 _aLewis, Charlton T
902 _bSRS
942 _cBK
999 _c3402
_d3402